Khảo sát, đánh giá cân bằng tải ba pha và tiến tới kiểm toán năng lượng mạng điện Khoa Công nghệ - Đại học Cần Thơ : Báo cáo tổng kết đề tài khoa học và công nghệ cấp Trường

Nội dung đề tài khảo sát mạng cung cấp điện khoa Công nghệ, khảo sát và tìm hiểu tình hình sử dụng điện khoa công nghệ, từ đó đưa ra các kiến nghị nâng cấp, bổ sung hay sửa chữa một số điểm cần thiết của mạng điện, cân bằng lại phụ t...

Πλήρης περιγραφή

Αποθηκεύτηκε σε:
Λεπτομέρειες βιβλιογραφικής εγγραφής
Κύριος συγγραφέας: Phan, Trọng Nghĩa
Μορφή: Βιβλίο
Γλώσσα:Undetermined
Έκδοση: Cần Thơ Trường Đại học Cần Thơ 2011
Θέματα:
Ετικέτες: Προσθήκη ετικέτας
Δεν υπάρχουν, Καταχωρήστε ετικέτα πρώτοι!
Thư viện lưu trữ: Trung tâm Học liệu Trường Đại học Cần Thơ
LEADER 01411nam a2200217Ia 4500
001 CTU_203750
008 210402s9999 xx 000 0 und d
082 |a 621.31 
082 |b Ngh301 
088 |a T2009-11 
100 |a Phan, Trọng Nghĩa 
245 0 |a Khảo sát, đánh giá cân bằng tải ba pha và tiến tới kiểm toán năng lượng mạng điện Khoa Công nghệ - Đại học Cần Thơ : 
245 0 |b Báo cáo tổng kết đề tài khoa học và công nghệ cấp Trường 
245 0 |c Phan Trọng Nghĩa (Chủ nhiệm đề tài) 
260 |a Cần Thơ 
260 |b Trường Đại học Cần Thơ 
260 |c 2011 
520 |a Nội dung đề tài khảo sát mạng cung cấp điện khoa Công nghệ, khảo sát và tìm hiểu tình hình sử dụng điện khoa công nghệ, từ đó đưa ra các kiến nghị nâng cấp, bổ sung hay sửa chữa một số điểm cần thiết của mạng điện, cân bằng lại phụ tải, thời gian sử dụng điện hợp lý và tiến tới kiểm toán năng lượng mạng điện khoa Công Nghệ. 
650 |a Electric engineering,Kỹ thuật điện 
904 |i Tuyến 
980 |a Trung tâm Học liệu Trường Đại học Cần Thơ